| 000 | 00542nam a2200181Ia 4500 | ||
|---|---|---|---|
| 008 | 220216s9999 xx 000 0 und d | ||
| 100 | _aGeorge B. | ||
| 245 | 0 | _aIn situ epoxidization of natural rubber latex by performic acid and the kinetics of the reaction | |
| 260 |
_bIndian Journal of Natural Rubber Research _c1992 |
||
| 300 | _a179-187 | ||
| 650 | _aEpoxidized natural rubber | ||
| 650 | _aLatex | ||
| 650 | _aPerformic acid | ||
| 650 | _aRing opening reaction | ||
| 700 | _aAbraham S. | ||
| 700 | _aMathew N.M. | ||
| 942 | _cBS | ||
| 999 |
_c50910 _d50910 |
||